| 000 | 00565nam a2200205Ia 4500 | ||
|---|---|---|---|
| 001 | 12510 | ||
| 003 | GE_BSU | ||
| 008 | 181216s||||||||xx |||||||||||||| ||und|| | ||
| 040 | _cGE_BSU | ||
| 080 | _a581.19:576.12 | ||
| 245 | _aБиохимия и филогения растении | ||
| 245 | _cОтв.ред.Е.В.Колобкова | ||
| 260 | _aМосква | ||
| 260 | _bНаука | ||
| 260 | _c1972 | ||
| 300 | _a238стр.22см.илл. | ||
| 300 | _eТаблицы | ||
| 653 | _aБиохимия и филогения растении | ||
| 942 | _cBK | ||
| 999 |
_c45684 _d45684 |
||